00875nam a22001577a 4500999001900000008004100019100006100060245008000121260003400201300003400235520028100269773003400550906001700584942000700601952010900608 c533186d533186260428b ||||| |||| 00| 0 eng d a Arya, Abhishek and Bhagyanagar, Vipanchika S. 960303 aThe illusion of justice : Mercy and the foundation of criminal law in INDIA aEconomic & Political Weekly  a61(12), Mar 21, 2026: p.27-28 aTrials of Sovereignty: Mercy, Violence, and the Making of Criminal Law in British India 1857–1922 by Alastair McClure, Cambridge: Cambridge University Press, 2024; pp 386, £105 (hardcover).-Reproduced https://www.epw.in/journal/2026/12/book-reviews/illusion-justice.html  aEconomic & Political Weekly  aBOOK REVIEW  cAR 00102ddc40709408357aIIPAbIIPAd2026-04-28h61(12), Mar 21, 2026: p.27-28pAR138698r2026-04-28yAR